Análisis de la información en España y la crisis económica /

Gardado en:
Detalles Bibliográficos
Autor Principal: Valero-Matas, Jesús Alberto
Outros autores: Coca, Juan R., Valero-Oteo, Irene
Formato: Texto
Etiquetas: Engadir etiqueta
Sen Etiquetas, Sexa o primeiro en etiquetar este rexistro!

MARC

LEADER 00000 a a2200000 04500
001 47455
003
040
090 |a REV1520 20(80) 2014  
100 |a Valero-Matas, Jesús Alberto  
245 |a Análisis de la información en España y la crisis económica /  |c Jesús Alberto Valero-Matas, Juan R. Coca, Irene Valero-Oteo  
700 |a Coca, Juan R.  
700 |a Valero-Oteo, Irene  
773 |g volumen20, número80, (2014), páginas 9-45 : tablas, gráficos  
999 |c 24132  |d 24132